000 01014cam a22003131 4500
001 6464792
003 OSt
005 20140310182002.0
008 720510s1945 nyua j 000 1 eng
010 _a 45009585
020 _a0590406205
035 _a(OCoLC)305785
040 _aDLC
_cODaWU
_dOCoLC
_dDLC
050 0 0 _aPZ 7
_b.W582 1973
082 _aKF
_bW58s #1973
100 1 _aWhite, E. B.
_q(Elwyn Brooks),
_d1899-1985.
_95249
245 1 0 _aStuart Little;
_cE.B. White ; pictures by Garth Williams.
260 _aNew York,
_aLondon,
_bHarper & Brothers
_c1945
300 _a129 p. ;
_bill. ;
_c20 cm.
500 _aAt head of title: E. B. White.
500 _a"First edition."
541 _j1
562 _eFor circulation. 1 copy available in the collection
650 _aMice
_xFiction
_95250
650 _aVoyages and travels
_xFiction
_95251
710 2 _aJuvenile Collection (Library of Congress)
_5DLC
_93833
906 _a7
_bcbc
_coclcrpl
_du
_encip
_f19
_gy-gencatlg
942 _2lcc
_cBK-KF
_kKF
999 _c8023
_d8023